[Event "CHI-chT"]
[Site "Santiago de Chile"]
[Date "2019.09.26"]
[Round "3.1"]
[White "Jaque Gutierrez, Matias"]
[Black "Letelier Garcia, Francisco Javier"]
[Result "1/2-1/2"]
[WhiteElo "1879"]
[BlackElo "1978"]
[PlyCount "113"]
[EventDate "2019.09.05"]
[EventType "team-swiss"]
[EventRounds "9"]
[EventCountry "CHI"]
[SourceTitle "CBM 193 Extra"]
[Source "ChessBase"]
[SourceDate "2020.01.31"]
[SourceVersion "1"]
[SourceVersionDate "2020.01.31"]
[SourceQuality "1"]
[WhiteTeam "Nunoa CC"]
[BlackTeam "La Florida CC II"]
[WhiteTeamCountry "CHI"]
[BlackTeamCountry "CHI"]

1. Nf3 g6 2. c4 Bg7 3. Nc3 d6 4. g3 Nc6 5. Bg2 e5 6. 0-0 Nge7 7. d3 h6 8. Rb1 a5 9. Bd2 0-0 10. a3 Kh7 11. b4 axb4 12. axb4 Nd4 13. Ne1 f5 14. e3 Ne6 15. Ra1 Rb8 16. Nd5 Rf7 17. Nxe7 Rxe7 18. Bc3 Bd7 19. d4 exd4 20. exd4 c5 21. Nc2 Kh8 22. bxc5 dxc5 23. Ra7 cxd4 24. Bb4 Re8 25. Bxb7 Ba4 26. Rxa4 Rxb7 27. Re1 Ng5 28. Ra3 Rxe1+ 29. Bxe1 Qe8 30. f3 Qc6 31. h4 Ne6 32. Qe2 Nc5 33. Nb4 Qc7 34. Nd3 Ne4 35. c5 Nxc5 36. Nxc5 Qxc5 37. Rd3 Rb1 38. Kf2 Qc1 39. Rd2 Rb3 40. Rc2 Qe3+ 41. Qxe3 Rxe3 42. Bb4 Rb3 43. Bc5 Rb5 44. Be7 Rb7 45. Bc5 Rc7 46. Rc1 Kg8 47. Ke2 Kf7 48. Kd3 Ke6 49. Ba3 Rxc1 50. Bxc1 Kd5 51. Bb2 g5 52. hxg5 hxg5 53. g4 fxg4 54. fxg4 Be5 55. Ba1 Kc5 56. Bb2 Bf6 57. Ba1 1/2-1/2

[Event "CHI-ch sf"]
[Site "Santiago de Chile"]
[Date "2018.12.08"]
[Round "3.8"]
[White "Cuevas Araya, Walter"]
[Black "Letelier Garcia, Francisco Javier"]
[Result "1/2-1/2"]
[WhiteElo "2151"]
[BlackElo "2011"]
[PlyCount "41"]
[EventDate "2018.12.07"]
[EventType "swiss"]
[EventRounds "8"]
[EventCountry "CHI"]
[SourceTitle "EXT 2024"]
[Source "ChessBase"]
[SourceDate "2023.10.10"]
[SourceVersion "1"]
[SourceVersionDate "2023.10.10"]
[SourceQuality "1"]

1. d4 d5 2. Nf3 Nf6 3. c4 e6 4. g3 Be7 5. Bg2 0-0 6. 0-0 dxc4 7. Ne5 Nc6 8. Bxc6 bxc6 9. Nxc6 Qe8 10. Nxe7+ Qxe7 11. Qc2 e5 12. Rd1 Rb8 13. b3 cxb3 14. axb3 Re8 15. Nc3 exd4 16. Rxd4 Be6 17. b4 c5 18. bxc5 Qxc5 19. Qd2 h6 20. Ba3 Qa5 21. Ra4 1/2-1/2

[Event "CHI-chT"]
[Site "Santiago de Chile"]
[Date "2012.12.13"]
[Round "7"]
[White "Chavez Dinamarca, Bastian"]
[Black "Letelier Garcia, Francisco Javier"]
[Result "1/2-1/2"]
[WhiteElo "2061"]
[BlackElo "2048"]
[PlyCount "56"]
[EventDate "2012.11.22"]
[EventType "team-tourn"]
[EventRounds "9"]
[EventCountry "CHI"]
[SourceTitle "EXT 2014"]
[Source "ChessBase"]
[SourceDate "2013.11.20"]
[SourceVersion "1"]
[SourceVersionDate "2013.11.20"]
[SourceQuality "1"]

1. d4 g6 2. c4 Bg7 3. e4 d6 4. Nf3 Bg4 5. Be2 Nc6 6. Be3 Bxf3 7. Bxf3 e5 8. d5 Nd4 9. Bxd4 exd4 10. Nd2 c5 11. Be2 Ne7 12. 0-0 0-0 13. Bd3 f5 14. Nf3 fxe4 15. Bxe4 Nf5 16. Qd3 Nh6 17. Rfe1 Qf6 18. Re2 Rae8 19. Rae1 Kh8 20. a3 Nf7 21. b4 b6 22. Qd1 Re7 23. Bc2 Ne5 24. Nxe5 Rxe5 25. Ba4 Qf5 26. Bc2 Qf7 27. Bd3 Rxe2 28. Qxe2 Be5 1/2-1/2

[Event "CHI-chT"]
[Site "Santiago de Chile"]
[Date "2012.12.04"]
[Round "4"]
[White "Zenteno Castro, Pedro"]
[Black "Letelier Garcia, Francisco Javier"]
[Result "1/2-1/2"]
[WhiteElo "1863"]
[BlackElo "2048"]
[PlyCount "85"]
[EventDate "2012.11.22"]
[EventType "team-tourn"]
[EventRounds "9"]
[EventCountry "CHI"]
[SourceTitle "EXT 2014"]
[Source "ChessBase"]
[SourceDate "2013.11.20"]
[SourceVersion "1"]
[SourceVersionDate "2013.11.20"]
[SourceQuality "1"]

1. d4 g6 2. c4 Bg7 3. Nc3 d6 4. e4 Nf6 5. f4 0-0 6. Nf3 c5 7. d5 e6 8. dxe6 fxe6 9. Bd3 Nc6 10. 0-0 e5 11. Qe1 Bg4 12. f5 gxf5 13. exf5 Bxf3 14. Rxf3 Qd7 15. Qh4 Nd4 16. Rf2 Rae8 17. Bg5 b5 18. Re1 bxc4 19. Bxc4+ Kh8 20. g4 d5 21. Bf1 e4 22. Bg2 Qd8 23. Re3 Rf7 24. Rh3 Nc6 25. Ne2 Ne5 26. Nf4 Nexg4 27. Rc2 c4 28. Ne6 Qb6+ 29. Kh1 Rxe6 30. fxe6 Qxe6 31. Re2 Qf5 32. b3 cxb3 33. Rxb3 Qe5 34. Bh3 h6 35. Bc1 Qf5 36. Bb2 h5 37. Bd4 Kh7 38. Rg3 Kg8 39. Rb3 Kh7 40. Rg3 Kg8 41. Rb3 Rc7 42. Qe1 Qf4 43. Rb5 1/2-1/2

[Event "CHI-chT"]
[Site "Santiago de Chile"]
[Date "2012.11.27"]
[Round "2"]
[White "Ulloa Bustos, Juan"]
[Black "Letelier Garcia, Francisco Javier"]
[Result "0-1"]
[WhiteElo "2022"]
[BlackElo "2048"]
[PlyCount "167"]
[EventDate "2012.11.22"]
[EventType "team-tourn"]
[EventRounds "9"]
[EventCountry "CHI"]
[SourceTitle "EXT 2014"]
[Source "ChessBase"]
[SourceDate "2013.11.20"]
[SourceVersion "1"]
[SourceVersionDate "2013.11.20"]
[SourceQuality "1"]

1. d4 Nf6 2. c4 g6 3. Nc3 Bg7 4. Bf4 d6 5. Nf3 c6 6. e3 0-0 7. h3 a6 8. Qa4 b6 9. Rd1 Bb7 10. Be2 b5 11. Qb3 Qc8 12. 0-0 Nbd7 13. Rfe1 Nb6 14. cxb5 axb5 15. e4 Na4 16. e5 Nxc3 17. bxc3 Nd5 18. Bg3 Qc7 19. Bd3 Bc8 20. exd6 exd6 21. Ng5 Nf6 22. c4 h6 23. Ne4 Nxe4 24. Bxe4 Be6 25. d5 cxd5 26. cxd5 Bd7 27. Bd3 Qb6 28. Rb1 Rfb8 29. Re7 Ra7 30. Bxb5 Bxb5 31. Rxa7 Qxa7 32. a4 Bd4 33. axb5 Qb6 34. Qd3 Bc5 35. Qd2 h5 36. Bf4 Qb7 37. g4 hxg4 38. hxg4 Qd7 39. Qe2 Re8 40. Qf3 Rb8 41. Qe2 Re8 42. Be3 Re4 43. b6 Rxg4+ 44. Kf1 Rh4 45. Qf3 Rh3 46. b7 Rxf3 47. b8Q+ Kh7 48. Bxc5 dxc5 49. Qh2+ Rh3 50. Qg2 Rh5 51. Rd1 Qb5+ 52. Kg1 Qe2 53. Rf1 Qd2 54. f4 Qd4+ 55. Rf2 Rxd5 56. Qf3 Qd1+ 57. Kg2 Qxf3+ 58. Kxf3 f6 59. Rc2 Kg7 60. Ke4 Rf5 61. Rd2 Kf7 62. Rd7+ Ke6 63. Rb7 Rh5 64. Rb6+ Ke7 65. Rb7+ Kd6 66. Rf7 f5+ 67. Kf3 Rh3+ 68. Kg2 Rh4 69. Kg3 Rg4+ 70. Kf3 Kd5 71. Rd7+ Kc4 72. Rd1 Kb3 73. Rb1+ Kc2 74. Rb5 c4 75. Rc5 c3 76. Rc6 Kd2 77. Rd6+ Kc1 78. Rc6 c2 79. Rb6 g5 80. fxg5 Rxg5 81. Rb5 Kd2 82. Rd5+ Kc3 83. Rc5+ Kd3 84. Rc7 0-1

[Event "CHI-chT"]
[Site "Chile"]
[Date "2010.11.02"]
[Round "3"]
[White "Letelier Garcia, Francisco Javier"]
[Black "Pulgar Diaz, Cristian"]
[Result "1-0"]
[WhiteElo "2088"]
[BlackElo "2085"]
[PlyCount "67"]
[EventDate "2010.10.19"]
[EventType "team"]
[EventRounds "9"]
[EventCountry "CHI"]
[SourceTitle "EXT 2012"]
[Source "ChessBase"]
[SourceDate "2011.11.24"]
[SourceVersion "1"]
[SourceVersionDate "2011.11.24"]
[SourceQuality "1"]

1. e4 e5 2. Nc3 Nc6 3. g3 Bc5 4. Bg2 Nf6 5. Nge2 a6 6. d3 d6 7. h3 Ba7 8. Be3 Nd4 9. 0-0 Qe7 10. Bxd4 exd4 11. Nd5 Qd8 12. Qd2 c6 13. Nxf6+ Qxf6 14. f4 0-0 15. Rae1 Bd7 16. Kh2 Rae8 17. Ng1 Qd8 18. Nf3 Bc5 19. Qf2 Qb6 20. Rb1 a5 21. a3 a4 22. Qd2 f5 23. e5 Be6 24. c3 Bb3 25. Ra1 Re6 26. c4 Qd8 27. Rfe1 d5 28. Bf1 Qd7 29. Rac1 Rc8 30. Qf2 Bb6 31. c5 Ba5 32. Re2 Re7 33. Nxd4 b6 34. e6 1-0

[Event "Santiago Endesa Interempresas tt-A"]
[Site "Santiago de Chile"]
[Date "2010.07.27"]
[Round "3"]
[White "Rojas, Cristian"]
[Black "Letelier Garcia, Francisco Javier"]
[Result "0-1"]
[WhiteElo "1925"]
[BlackElo "2031"]
[PlyCount "58"]
[EventDate "2010.07.13"]
[EventType "team"]
[EventRounds "13"]
[EventCountry "CHI"]
[SourceTitle "EXT 2012"]
[Source "ChessBase"]
[SourceDate "2011.11.24"]
[SourceVersion "1"]
[SourceVersionDate "2011.11.24"]
[SourceQuality "1"]

1. e4 d6 2. d4 Nf6 3. Bd3 e5 4. c3 g6 5. Bg5 Bg7 6. f4 h6 7. Bh4 Nbd7 8. Nf3 Qe7 9. 0-0 0-0 10. fxe5 dxe5 11. Nbd2 Qe6 12. Qe2 Nh5 13. Bc4 Qd6 14. Qf2 g5 15. Bg3 Nxg3 16. Qxg3 Qb6 17. h4 exd4 18. cxd4 Bxd4+ 19. Kh1 Be3 20. hxg5 Qg6 21. Nh4 Qxg5 22. Qxg5+ hxg5 23. Ng6 Bxd2 24. Nxf8 Ne5 25. Bb3 Bg4 26. Nh7 Kxh7 27. Bd1 Kg7 28. Bxg4 Nxg4 29. g3 Rh8+ 0-1

[Event "Santiago Endesa Interempresas tt-A"]
[Site "Santiago de Chile"]
[Date "2010.07.13"]
[Round "1"]
[White "Bulgarini Torre, Marco"]
[Black "Letelier Garcia, Francisco Javier"]
[Result "0-1"]
[WhiteElo "2073"]
[BlackElo "2031"]
[PlyCount "146"]
[EventDate "2010.07.13"]
[EventType "team"]
[EventRounds "13"]
[EventCountry "CHI"]
[SourceTitle "EXT 2012"]
[Source "ChessBase"]
[SourceDate "2011.11.24"]
[SourceVersion "1"]
[SourceVersionDate "2011.11.24"]
[SourceQuality "1"]

1. e4 e5 2. Nf3 Nc6 3. Nc3 Nf6 4. d4 exd4 5. Nd5 Be7 6. Bc4 d6 7. Nxd4 0-0 8. 0-0 Ne5 9. Bb3 Nxd5 10. Bxd5 c6 11. Bb3 c5 12. Ne2 c4 13. Ba4 a6 14. c3 b5 15. Bc2 Bb7 16. f4 Ng4 17. Nd4 Nf6 18. Nf5 Nxe4 19. Qg4 Bf6 20. Be3 d5 21. Rad1 Qc7 22. Rf3 g6 23. Rh3 Rae8 24. Nh6+ Kh8 25. Rf1 Bc8 26. f5 Qd7 27. Qd1 Ng5 28. Bxg5 Bxg5 29. fxg6 fxg6 30. Qd4+ Qg7 31. Nf7+ Rxf7 32. Rxf7 Qxd4+ 33. cxd4 Bxh3 34. gxh3 Be3+ 35. Kf1 Bxd4 36. Rd7 Bxb2 37. Rxd5 Re5 38. Rd8+ Kg7 39. Ra8 Re6 40. Kf2 Kf6 41. Kf3 Ke5 42. Rh8 Re7 43. Ra8 Rf7+ 44. Ke2 Rf6 45. Rh8 Kd4 46. Rxh7 Kc3 47. Be4 Re6 48. Kf3 g5 49. Ra7 Rf6+ 50. Ke2 Kb4 51. Kd1 Bd4 52. Rd7 Bc5 53. Rd5 Rd6 54. Kc2 Rxd5 55. Bxd5 Bd6 56. Bb7 a5 57. Bc6 Bxh2 58. Bd7 Be5 59. Kb1 Kc5 60. Be8 b4 61. Kc2 Kd4 62. Bb5 Bf4 63. Bd7 Ke3 64. Be6 c3 65. Bd7 Bc7 66. Bc6 Kf2 67. Bd7 Kg3 68. Kb3 a4+ 69. Kc2 Be5 70. Bg4 b3+ 71. axb3 a3 72. Kb1 a2+ 73. Kxa2 c2 0-1

[Event "Santiago Endesa Interempresas tt-A"]
[Site "Santiago de Chile"]
[Date "2009.07.28"]
[Round "2"]
[White "Pinto Pinares, Marcelo"]
[Black "Letelier Garcia, Francisco Javier"]
[Result "1-0"]
[WhiteElo "2214"]
[BlackElo "2000"]
[PlyCount "71"]
[EventDate "2009.07.21"]
[EventType "team"]
[EventRounds "13"]
[EventCountry "CHI"]
[SourceTitle "EXT 2012"]
[Source "ChessBase"]
[SourceDate "2011.11.24"]
[SourceVersion "1"]
[SourceVersionDate "2011.11.24"]
[SourceQuality "1"]

1. e4 e5 2. Nf3 Nc6 3. Bb5 Nf6 4. Qe2 d6 5. d4 exd4 6. Nxd4 Bd7 7. Bxc6 bxc6 8. Nc3 Be7 9. 0-0 0-0 10. Qf3 c5 11. Nf5 Bxf5 12. Qxf5 Qd7 13. Qf3 Rfe8 14. Bf4 Rab8 15. b3 Qc6 16. Rfe1 Bf8 17. Qd3 Rb4 18. a3 c4 19. Qd2 Rbb8 20. Be3 g6 21. Bxa7 Ra8 22. Bd4 Bg7 23. b4 Qb7 24. Rab1 Rxa3 25. Kh1 c6 26. Qf4 Re6 27. Qc1 Qa8 28. Qd2 Qc8 29. Qc1 Qa8 30. b5 c5 31. Bxf6 Bxf6 32. Nd5 Bd8 33. b6 Ra2 34. Ra1 Rxa1 35. Qxa1 Qb7 36. Rb1 1-0